LEADER 01084nam a2200205 i 4500 001 000000176409 003 CaOOAMICUS 005 20090129000000.0 008 090129n it u000 u ita u 013 $a153898 040 $aSeMil$bita 100 1 $aBasadonna, Ernesto.$0(OLS)http://semarc/name/11819 245 12$aL'apologetica del tradizionalismo e l'apologetica cattolica :$bEsposizione del pensiero di F. De Lamennais, L.E. Bautain, A. Bonnetty in confronto con la Dottrina della Chiesa. Annotazioni /$c[tesi di laurea di] Ernesto Basadonna. 260 $a[S.l. :$bs.n.],$c[19-?] 300 $a109 p. ;$c28 cm. 850 $aSeMil 852 $aSeMil$W1$xVenegono$y1$m4X VI 18$j127231$B127231$CSeMilBibl$Z2$F138960 $81 961 $aOmaggio: Guzzetti mons.Giovanni Battista 996 $6245$aL'apologetica del tradizionalismo e l'apologetica cattolica :$bEsposizione del pensiero di F. De Lamennais, L.E. Bautain, A. Bonnetty in confronto con la Dottrina della Chiesa. Annotazioni$9(OLS)http://semarc/title/253196 996 $6260$a[S.l. :$bs.n.]$9(OLS)http://semarc/publisher/29751 LEADER 01163nam a2200253 4500 001 000000331961 003 CaOOAMICUS 005 20190115140702.0 008 190110s2006 it 000 u ita r 020 $a88-7946-943-6 040 $aSeMil$bita 100 1 $aTuffanelli, Luigi.$0(OLS)http://semarc/name/108829 245 13$aLe diversità degli alunni :$butilizzare le differenze cognitive e affettive dell'apprendimento /$cLuigi Tuffanelli. 264 1$aGardolo (TN) :$bErickson,$c2006. 300 $a351 p. ;$c24 cm 490 1 $aGuide per l'educazione [Erickson] 650 4$aApprendimento - Psicopedagogia.$0(OLS)http://semarc/subject/46870 830 0$aGuide per l'educazione.$0(OLS)http://semarc/title/401488 850 $aSeMil 852 $aSeMil$W1$xVenegono$y1$m2Q VI 189$j211096$B224753$CSeMilBibl$Z2$F224753 $81 996 $6020$a88-7946-943-6$9(OLS)http://semarc/number/286132 996 $6245$aLe diversità degli alunni :$butilizzare le differenze cognitive e affettive dell'apprendimento$9(OLS)http://semarc/title/420674 996 $6264$aGardolo (TN) :$bErickson$9(OLS)http://semarc/publisher/33474